Tuna teyzenin evi kıpır kıpır / (Record no. 18055)

MARC details
000 -BAŞLIK
Sabit Uzunluktaki Kontrol Alanı 00659nam a22001937a 4500
003 - KONTROL NUMARASI KİMLİĞİ
Kontrol Alanı koha_MIRAKIL
005 - EN SON İŞLEM TARİHİ ve ZAMANI
Kontrol Alanı 20241017130505.0
008 - SABİT UZUNLUKTAKİ VERİ ÖGELERİ - GENEL BİLGİ
Sabit Alan 231213b |||||||| |||| 00| 0 ||| d
020 ## - ISBN - ULUSLARARASI STANDART KİTAP NUMARASI
Isbn 9786053746720
040 ## - KATALOGLAMA KAYNAĞI
Özgün Kataloglama Kurumu TR-IsEVY
Kataloglama Dili tur
Çeviri Kurumu TR-IsEVY
082 ## - DEWEY ONU SINIFLAMA SİSTEMİ
Sınıflama Numarası FIC RIE/T
100 ## - KİŞİ ADI
Yazar Adı (Kişi adı) Riemann, Marianne
245 #0 - ESER ADI BİLDİRİMİ
Başlık Tuna teyzenin evi kıpır kıpır /
Sorumluluk Bildirimi Marianne Riemann ; resimleyen Miriam Bröllos.
260 ## - YAYIN, DAĞITIM, VB.
Yayınevi Final Kültür Sanat Yayınları,
Yayın Tarihi 2016.
Yayın Yeri İstanbul :
300 ## - FİZİKSEL TANIMLAMA
Sayfa, Cilt vb. 29 s. :
Diğer fiziki detaylar renkli resimli;
Boyutları 22X28 cm.
650 ## - KONU BAŞLIĞI EK GİRİŞ - KONU TERİMİ
Konusal terim veya coğrafi ad Children's literature -- Short stories.
650 ## - KONU BAŞLIĞI EK GİRİŞ - KONU TERİMİ
Konusal terim veya coğrafi ad Çocuk edebiyatı -- Hikaye.
Alt başlık biçimi Resimli Kitaplar.
942 ## - EK GİRİŞ ÖGELERİ (KOHA)
Source of classification or shelving scheme Dewey Decimal Classification
Koha item type Kitap
Holdings
Kayıp Durumu Sınıflandırma Kaynağı Hasarlı Durumu Koleksiyon Kodu Kalıcı Konum Mevcut Konum Kayıt Tarih Edinim Kaynağı Cilt Bilgisi Yer Numarası Demirbaş Numarası Son Görülme Tarihi Fatura Tarihi Materyal Türü
  Dewey Decimal Classification   İlkokul İLKOKUL KÜTÜPHANESİ İLKOKUL KÜTÜPHANESİ 19/06/2017 Bağış c. 1 FIC RIE/T 18889 13/12/2023 05/06/2018 Kitap
  Dewey Decimal Classification   İlkokul İLKOKUL KÜTÜPHANESİ İLKOKUL KÜTÜPHANESİ 17/10/2024 Satınalma c. 2 FIC RIE/T 22068 17/10/2024 17/10/2024 Kitap